00628nam a2200229Ia 4500008004100000020002200041050002200063050001400085245002200099245002900121260001500150260002100165260000900186300001600195300003500211300001100246500005100257650001800308650002000326650002600346650002600372180523s9999 xx 000 0 und d a978-1-63549-512-6 aComSc TK 5105.888 b.W43 2017 0aWeb engineering / 0cedited by Carson Thomas. aNew York : bLarsen & Keller, c2017 a306 pages : billustrations (some colored) ; c27 cm, aIncludes bibliographical references and index. aWeb services. aWorld wide web. xSoftware engineering. xWeb site development.